| 000 | 01257cam a22003374a 4500 | ||
|---|---|---|---|
| 001 | 12814013 | ||
| 003 | OSt | ||
| 005 | 20241108110940.0 | ||
| 008 | 020612s2002 maua 001 0 eng | ||
| 010 | _a 2002075367 | ||
| 020 | _a9780072470895 | ||
| 040 |
_aDLC _cDLC _dDLC |
||
| 042 | _apcc | ||
| 050 | 0 | 0 |
_aQA76.76.O63 _bM322517 2002 |
| 082 | 0 | 0 |
_a005.4/4769 _221 |
| 100 | _aHaag, Stephen | ||
| 245 | 0 | 0 |
_aMicrosoft Windows 2000 : _bintroductory / _cStephen Haag, James T. Perry, Barrie Sosinsky & Efren Estevez |
| 260 |
_aBoston : _bMcGraw-Hill Irwin, _cc2002. |
||
| 300 |
_axviii. (various pagings) : _bill. (some col.) ; _c28 cm. |
||
| 440 | 4 | _aThe I-series | |
| 630 | 0 | 0 | _aMicrosoft Windows (Computer file) |
| 650 | 0 | _aOperating systems (Computers) | |
| 700 | 1 | _aPerry, James T. | |
| 700 | 1 | _aSosinsky, Barrie | |
| 700 | 1 | _aEstevez, Efren | |
| 856 | 4 | 1 |
_3Table of contents _uhttp://www.loc.gov/catdir/toc/mh031/2002075367.html |
| 856 | 4 | 2 |
_3Publisher description _uhttp://www.loc.gov/catdir/description/mh024/2002075367.html |
| 906 |
_a7 _bcbc _corignew _d1 _eocip _f20 _gy-gencatlg |
||
| 942 |
_2lcc _cBK _n0 |
||
| 999 |
_c858 _d858 |
||